000 00563 a2200193 4500
005 20260214110521.0
008 260212b |||||||| |||| 00| 0 eng d
020 _a9781032880914
_cRs. 1295.00
040 _aMAIN
082 _a320.95492
_bH26U
100 _aHarun-or-Rashid
245 _aUnderstanding fifty years of bangladesh politics: Struggles, achievements, and challenges
260 _bRoutledge
_c2024
_aAbingdon
300 _axix, 203
650 _aPolitical Science
650 _aGovernment - Bangladesh
650 _aCivil Society
942 _cBK
999 _c395246
_d395246